Aprendizaje, innovación tecnológica y recursos humanos universitarios : consideraciones sobre el caso argentino : proyecto desarrollo y educación en América Latina y el Caribe.

Sparad:
Bibliografiska uppgifter
Huvudupphov: Vivas, Jorge (autor)
Övriga upphov: Carciofi, Ricardo (autor) (autor)
Materialtyp: Bok
Språk:spanska
Serie:(Proyecto Desarrollo y Educación en América Latina y el Caribe DEALC ; 23)
Ämnen:
Taggar: Lägg till en tagg
Inga taggar, Lägg till första taggen!

MARC

LEADER 00000cam^a2200000uu^4500
001 000472119
005 20250521000000.0
008 050901s1980^^^^^^^^^^^^rd^r^^000^0^spa^d
009 20260310124641.016
035 |a FCE 000014928 
035 |a FCE 008106 
037 |a Acervo ITESO - Biblioteca 
041 |a spa 
082 0 4 |a 082.3701933  |b UNEp 23 
100 |a Vivas, Jorge  |e (autor) 
245 1 0 |a Aprendizaje, innovación tecnológica y recursos humanos universitarios :  |b consideraciones sobre el caso argentino : proyecto desarrollo y educación en América Latina y el Caribe. 
264 |a Buenos Aires :  |b UNESCO : CEPAL,  |c 1980. 
300 |a 128 p. 
336 |a texto  |b txt  |2 rdacontenido 
337 |a sin mediación  |b n  |2 rdamedio 
338 |a volumen  |b nc  |2 rdasoporte 
440 0 0 |a (Proyecto Desarrollo y Educación en América Latina y el Caribe DEALC ; 23) 
649 |a XX 
650 |a Educación superior 
650 |a Relación educación-trabajo 
650 |a Aprendizaje 
650 |a Formación profesional 
650 |a Recursos humanos 
650 |a Ingenieros 
650 |a Innovación tecnológica 
650 |a América Latina 
650 |a Argentina 
700 |a Carciofi, Ricardo  |e (autor) 
910 |a Fondo Centro de Estudios Educativos 
920 |a Impresos - Libros 
930 |a Fondos Especiales 
905 |a 133 
901 |a ALE008106  |b IT2  |c CEE  |u 20250521 
901 |a ALE045956  |b IT2  |c CEE  |u 20250521 
902 |a https://opac.biblio.iteso.mx/vufind/Record/000472119